5HLuxD.jpg

KING HENRY VIII SENIOR AND PRIMARY SCHOOL LIBRARY OPAC

Frida and bear / (Record no. 2505)

000 -LEADER
fixed length control field 01239cam a2200325 i 4500
001 - CONTROL NUMBER
control field 005631507
003 - CONTROL NUMBER IDENTIFIER
control field OSt
005 - DATE AND TIME OF LATEST TRANSACTION
control field 20230621100928.0
008 - FIXED-LENGTH DATA ELEMENTS--GENERAL INFORMATION
fixed length control field 220715t20162015enka b 000 1 eng d
020 ## - INTERNATIONAL STANDARD BOOK NUMBER
International Standard Book Number 9781406365573
Qualifying information (pbk.) :
040 ## - CATALOGING SOURCE
Original cataloging agency NCNU
Language of cataloging eng
Transcribing agency NCNU
Modifying agency NCNU
-- KH8
Description conventions AACR2
042 ## - AUTHENTICATION CODE
Authentication code nbic
082 ## - DEWEY DECIMAL CLASSIFICATION NUMBER
Classification number 823.92 BRO
100 1# - MAIN ENTRY--PERSONAL NAME
Personal name Browne, Anthony,
Dates associated with a name 1946-
Relator term author
245 10 - TITLE STATEMENT
Title Frida and bear /
Statement of responsibility, etc. [by] Anthony Browne ; [illustrated by] Hanne Bartholin.
260 ## - PUBLICATION, DISTRIBUTION, ETC.
Place of publication, distribution, etc. London :
Name of publisher, distributor, etc. Walker Books,
Date of publication, distribution, etc. 2016, c2015.
300 ## - PHYSICAL DESCRIPTION
Extent [32] p. :
Other physical details col. ill. ;
Dimensions 25 x 23 cm.
500 ## - GENERAL NOTE
General note First published in the UK in 2015 by Walker Books Ltd., London.
520 ## - SUMMARY, ETC.
Summary, etc. Frida and Bear both LOVE to draw - but what? First, Frida draws a shape. Bear adds to it and turns it into a picture. Then Bear draws a shape for Frida as the game begins again.
521 ## - TARGET AUDIENCE NOTE
Target audience note For preschool age.
650 #0 - SUBJECT ADDED ENTRY--TOPICAL TERM
Topical term or geographic name entry element Friendship
Form subdivision Juvenile fiction.
650 #0 - SUBJECT ADDED ENTRY--TOPICAL TERM
Topical term or geographic name entry element Bears
Form subdivision Juvenile fiction.
650 #0 - SUBJECT ADDED ENTRY--TOPICAL TERM
Topical term or geographic name entry element Elephants
Form subdivision Juvenile fiction.
650 #0 - SUBJECT ADDED ENTRY--TOPICAL TERM
Topical term or geographic name entry element Shapes
Form subdivision Juvenile fiction.
650 #0 - SUBJECT ADDED ENTRY--TOPICAL TERM
Topical term or geographic name entry element Drawing
Form subdivision Juvenile fiction.
650 #0 - SUBJECT ADDED ENTRY--TOPICAL TERM
Topical term or geographic name entry element Play
Form subdivision Juvenile fiction.
655 #7 - INDEX TERM--GENRE/FORM
Genre/form data or focus term Picture books.
Source of term lcgft.
700 1# - ADDED ENTRY--PERSONAL NAME
Personal name Bartholin, Hanne,
Dates associated with a name 1962-
Relator term illustrator
942 ## - ADDED ENTRY ELEMENTS (KOHA)
Source of classification or shelving scheme
Koha item type Books - Fiction
Holdings
Withdrawn status Lost status Source of classification or shelving scheme Damaged status Not for loan Collection code Permanent Location Current Location Shelving location Date acquired Total Checkouts Total Renewals Full call number Barcode Date last seen Date last checked out Price effective from Koha item type
          Fiction KH8 Primary School Library KH8 Primary School Library Non Fiction 2023-06-21 11 1 823.92 BRO KHPL000004258 2026-04-13 2026-01-26 2023-06-21 Books - Fiction

Powered By KH8 IT Dept